¿Cómo encuentro trabajo?: consejos prácticos (Registro nro. 3969)
[ vista simple ]
| 000 -Cabecera | |
|---|---|
| Campo de control de longitud fija | 00782nam a22002777a 4500 |
| 005 - Fecha y hora de la última transacción | |
| Campo de control | 20231025184331.0 |
| 008 - Elementos de longitud fija--Información general | |
| Campo de control de longitud fija | 150316b2006 xxu||||| |||| 00| 0 spa d |
| 020 ## - International Standard Book Number | |
| Número Internacional Estándar del Libro (ISBN) | 9682477204 |
| 041 ## - Idioma | |
| Código de idioma | Español |
| 082 ## - Clasificación Decimal Dewey | |
| Número de clasificación | 331.702 B327c |
| 100 ## - Entrada principal--Autor personal | |
| Nombre personal | Basurto Reyes, Fernando |
| 9 (RLIN) | 25941 |
| 245 ## - Título propiamente dicho | |
| Título | ¿Cómo encuentro trabajo?: consejos prácticos |
| 260 ## - Pie de imprenta | |
| Lugar de publicación, distribución, etc. | México |
| Nombre del editor, distribuidor, etc. | Trillas |
| Fecha de publicación, distribución, etc. | 2006 |
| 300 ## - Descripción física | |
| Extensión | 104 páginas |
| 650 ## - Materia general | |
| Temática (materia general) | ORIENTACION PROFESIONAL |
| 650 ## - Materia general | |
| Temática (materia general) | TRABAJO |
| 650 ## - Materia general | |
| Temática (materia general) | VOCACION |
| 650 ## - Materia general | |
| Temática (materia general) | EMPLEO |
| 650 ## - Materia general | |
| Temática (materia general) | ESTABILIZACION |
| 650 ## - Materia general | |
| Temática (materia general) | PERSPECTIVAS LABORALES |
| 650 ## - Materia general | |
| Temática (materia general) | FUENTES DE TRABAJO |
| 650 ## - Materia general | |
| Temática (materia general) | SOLICITUD DE EMPLEO |
| 650 ## - Materia general | |
| Temática (materia general) | CURRICULUM |
| 650 ## - Materia general | |
| Temática (materia general) | ENTREVISTA |
| 942 ## - Punto de acceso adicional KOHA | |
| Tipo de ítem KOHA | Libro |
| Fuente del sistema de clasificación o colocación | Dewey Decimal Classification |
| Signatura completa | Código de barras | Tipo de ítem |
|---|---|---|
| 331.702 B327c | 19262 | Libro |